[Event "Chinggis Invitational IV 2018"]
[Site "Ulaanbaatar"]
[Date "2018.08.14"]
[Round "7"]
[White "Abasov, Nijat"]
[Black "Robson, Ray"]
[Result "1/2-1/2"]
[WhiteElo "2623"]
[BlackElo "2670"]
[Annotator "TA"]
[PlyCount "79"]
[EventDate "2018.08.08"]
[EventType "tourn"]
[EventCountry "MGL"]
[SourceTitle "playchess.com"]
[Source "ChessBase"]
[SourceQuality "1"]

{[%evp 23,79,9,32,10,26,6,29,24,20,19,70,66,59,18,45,31,34,42,43,33,38,11,14,10,10,0,0,0,0,0,51,48,39,4,8,0,0,0,0,-12,-13,-12,0,0,0,0,0,0,0,0,0,0,0,0,0,0,0,0]} 1. Nf3 Nf6 2. c4 c5 3. Nc3 Nc6 4. e3 g6 5. d4 cxd4 6. exd4 d5 7. cxd5 Nxd5 8. Qb3 e6 9. Bb5 Bg7 10. O-O {A35: Symmetrical English: 2 Nc3 Nc6 3 Nf3} O-O 11. Bxc6 bxc6 12. Na4 Qd6 {LiveBook: 22 Games} 13. Qd1 c5 14. Nxc5 Rb8 15. Re1 Bb7 {[#]} 16. Ne5 $146 ({Predecessor:} 16. Bg5 Ba8 17. Qd2 Rb5 {0-1 (59) Caruana,F (2807)-Le,Q (2739) Saint Louis 2017}) 16... Nb6 (16... Rfc8 $11 17. Nxb7 Rxb7) 17. Bf4 {[#] Nxg6! is the strong threat.} Qd5 {[%csl Gb7][%cal Rd5g2]} 18. Nf3 (18. f3 {feels hotter.} Rfd8 19. Bg3 Rbc8 20. Bf2 Bc6 21. Qb3) 18... Rbd8 19. Nxb7 Qxb7 20. Be5 Bxe5 21. Nxe5 Nd7 22. Qe2 Nxe5 23. dxe5 Rd4 24. b3 Rfd8 25. h3 Rd2 26. Qe3 Qb6 ({Better is} 26... R8d3 $11 27. Qf4 Rb2) 27. Qxb6 $14 axb6 {[%mdl 4096] Endgame KRR-KRR} 28. a4 R8d4 {The position is equal.} 29. Kf1 Rb4 30. Re3 Rb2 31. a5 bxa5 32. Rxa5 R4xb3 33. Rxb3 Rxb3 $11 {KR-KR} 34. h4 Rb1+ 35. Ke2 Kg7 36. g3 h6 37. Ke3 Rb3+ 38. Ke2 Rb4 39. Kf3 Rb3+ 40. Ke4 {Precision: White = 51%, Black = 59%.} 1/2-1/2

[Event "Chinggis Invitational IV 2018"]
[Site "Ulaanbaatar"]
[Date "2018.08.14"]
[Round "7"]
[White "Bocharov, Dmitry"]
[Black "Izoria, Zviad"]
[Result "1/2-1/2"]
[WhiteElo "2573"]
[BlackElo "2606"]
[Annotator "TA"]
[PlyCount "62"]
[EventDate "2018.08.08"]
[EventType "tourn"]
[EventCountry "MGL"]
[SourceTitle "playchess.com"]
[Source "ChessBase"]
[SourceQuality "1"]

{[%evp 13,62,13,26,0,0,0,0,0,0,-19,-19,-15,0,0,0,0,0,-19,17,15,17,-1,0,0,0,0,0,0,17,17,17,17,18,12,11,9,33,33,44,34,26,30,13,10,10,10,11,0,0,0,0]} 1. c4 {Baldauf,M} g6 2. d4 Nf6 3. f3 Nc6 4. Nc3 d5 5. cxd5 Nxd5 6. e4 {E60: King's Indian: Unusual lines and Fianchetto Variation without Nc3} Nxc3 7. bxc3 Bg7 {LiveBook: 10 Games} 8. f4 $146 {White has an edge.} ({Predecessor:} 8. Bb5 O-O 9. Ne2 Na5 10. Be3 Be6 11. Bf2 {½-½ (39) Vachier Lagrave,M (2765)-Svidler,P (2745) Reykjavik 2015 CBM 170 [Baldauf,M]}) 8... O-O 9. Nf3 Na5 10. Be3 c5 11. Be2 cxd4 12. cxd4 f5 13. exf5 Bxf5 14. O-O Qd5 15. Rc1 b6 16. Qd2 Rac8 17. Ba6 Nc4 18. Qe2 Nxe3 19. Qxe3 Rxc1 20. Rxc1 {[#] Black must now prevent Bc4.} Qe4 21. Kf2 Rd8 {[%cal Rd8d4]} 22. Qxe4 Bxe4 23. Rc7 Bf6 24. g4 Bxf3 25. Kxf3 $11 {[%mdl 4096] Endgame KRB-KRB} g5 26. fxg5 Bxg5 27. Ke4 Rf8 28. Rc8 {The position is equal.} Rxc8 29. Bxc8 Kg7 30. d5 Kf6 31. Bf5 h6 {Precision: White = 62%, Black = 63%.} 1/2-1/2

[Event "Chinggis Invitational IV 2018"]
[Site "Ulaanbaatar"]
[Date "2018.08.14"]
[Round "7"]
[White "Batchuluun, Tsegmed"]
[Black "Durarbayli, Vasif"]
[Result "1-0"]
[WhiteElo "2571"]
[BlackElo "2633"]
[Annotator "TA"]
[PlyCount "113"]
[EventDate "2018.08.08"]
[EventType "tourn"]
[EventCountry "MGL"]
[SourceTitle "playchess.com"]
[Source "ChessBase"]
[SourceQuality "1"]

{[%evp 28,113,24,24,25,13,37,22,50,44,52,47,61,41,97,91,123,64,110,108,178,179,170,170,185,176,278,235,254,232,247,240,243,238,241,239,220,219,221,211,207,203,222,221,215,206,275,265,378,369,456,448,437,432,447,435,451,449,533,545,464,321,334,316,304,256,560,558,1007,896,1222,1182,1694,1541,1762,1856,5485,2415,12838,12839,6933,2857,12847,12842,12843,12843,12843,12843]} 1. d4 Nf6 2. c4 g6 3. Nc3 d5 4. Bf4 Bg7 5. e3 O-O 6. cxd5 Nxd5 7. Nxd5 Qxd5 8. Bxc7 Na6 9. Bxa6 Qxg2 10. Qf3 Qxf3 11. Nxf3 bxa6 12. Rc1 f6 {D84: Grünfeld: 4 Bf4 Bg7 5 e3 0-0 6 cxd5} 13. b3 Rf7 14. Rg1 Bb7 15. Ke2 {LiveBook: 4 Games} Bf8 16. Ba5 e6 17. Nd2 {[#]} e5 $146 ({Predecessor:} 17... Re8 18. h4 e5 19. h5 exd4 20. hxg6 hxg6 21. Rxg6+ {½-½ (73) Li,C (2755)-Giri,A (2790) Stavanger 2016}) 18. dxe5 fxe5 19. f3 Ba3 20. Rc2 Raf8 {[#]} ({Black should play} 20... e4 $14) 21. e4 $1 $16 Bd6 22. Rc4 (22. Nc4 $16 Bb8 23. Bb4 Rxf3 24. Bxf8 Rxf8 25. Rd2) 22... Kg7 23. Rgc1 Kh6 (23... Re8 $16) 24. Bb4 $18 Bxb4 25. Rxb4 Kg5 26. Rc5 Kh4 (26... Kf6 {might work better.} 27. Nc4 Rc8) 27. Rxe5 Bc6 28. Rd4 Bb5+ 29. Kf2 Rc8 30. a4 Bd7 31. Red5 Be6 32. Rd6 Re7 33. Rxa6 Rc2 34. b4 Kh3 35. Ra5 Kxh2 36. Ke3 Bh3 37. Rg5 Ra2 (37... Rc3+ $142 38. Rd3 Rxd3+ 39. Kxd3 Be6) 38. f4 {[#] White wants to mate with Nf3+.} Bg2 39. a5 Rb2 40. f5 gxf5 41. Rxf5 Rg7 42. e5 Bh3 43. Rf2+ Rg2 44. Rxg2+ Kxg2 {[%mdl 4096] Endgame KRB-KRN} 45. Rh4 Bf5 46. Rh5 Bg4 $2 (46... Bg6 {is a better chance.} 47. Rg5+ Kh3) 47. Rxh7 {White is clearly winning.} Rxb4 48. Rxa7 Ra4 49. Ne4 Bf5 50. Nc5 {Rg7+ would kill now.} Ra3+ 51. Kd4 Kf3 52. e6 {[%cal Be5e6,Be6e7][%mdl 32]} Kf4 53. e7 Re3 54. a6 Re1 55. Rc7 Rd1+ 56. Kc3 Bg6 57. Rc6 {Precision: White = 87%, Black = 28%.} 1-0

[Event "Chinggis Invitational IV 2018"]
[Site "Ulaanbaatar"]
[Date "2018.08.14"]
[Round "7"]
[White "Shomoev, Anton"]
[Black "Ganguly, Surya Shekhar"]
[Result "1-0"]
[WhiteElo "2552"]
[BlackElo "2652"]
[Annotator "TA"]
[PlyCount "85"]
[EventDate "2018.08.08"]
[EventType "tourn"]
[EventCountry "MGL"]
[SourceTitle "playchess.com"]
[Source "ChessBase"]
[SourceQuality "1"]

{[%evp 26,85,17,12,12,10,4,4,8,10,11,-13,45,35,41,11,8,15,16,0,8,0,0,0,12,8,7,3,21,10,21,23,107,104,134,125,137,126,128,12,10,0,194,179,183,189,175,191,170,87,169,169,169,161,152,156,151,189,246,246,243,232]} 1. e4 c6 2. d4 d5 3. Nc3 dxe4 4. Nxe4 Bf5 5. Ng3 Bg6 6. h4 h6 7. Nf3 e6 8. h5 Bh7 9. Bd3 Bxd3 10. Qxd3 Nf6 11. Bd2 Be7 {B19: Classical Caro-Kann: 4...Bf5 main line} (11... c5 12. Ne4 Nc6 13. Bc3 Nb4 14. Bxb4 cxb4 15. Nxf6+ gxf6 16. c4 Qc7 17. O-O Rg8 18. c5 O-O-O 19. a3 Qc6 {½-½ (51) Inarkiev,E (2680)-Artemiev,V (2701) Sharjah 2018}) 12. O-O-O c5 13. Ne4 cxd4 14. Nxd4 {LiveBook: 5 Games} Nbd7 {[#]} 15. Nxf6+ $146 ({Predecessor:} 15. Nb3 O-O 16. g4 Qc7 17. Nxf6+ Nxf6 18. Rhg1 Rfd8 19. Qe2 {0-1 (36) Kosteniuk,A (2555)-Gunina,V (2525) Khanty-Mansiysk 2016}) 15... Nxf6 16. Qb5+ Qd7 17. Qxd7+ Kxd7 18. Bf4 Nd5 {[#]} (18... Rhd8 $11) 19. Nf5 $1 $14 {[%mdl 512]} Bf6 (19... exf5 20. Rxd5+) 20. Ne3 {Strongly threatening c4.} (20. Bh2 {is interesting.} Kc6 21. Nd6 Bg5+ 22. Kb1 Rhf8 23. Rd4) 20... Kc6 21. Nxd5 exd5 22. Rh3 Rhe8 23. c3 Re4 24. Rf3 a6 25. Kc2 b5 26. g3 a5 27. Be3 b4 28. Rf5 Rd8 (28... Re5 $11 29. Rxe5 Bxe5) 29. Bxh6 $16 bxc3 30. bxc3 Ra4 31. Kb3 $36 {[%mdl 2048] Black is under strong pressure.} Rc4 32. Rxf6+ (32. Bd2 $16) 32... gxf6 {[%mdl 4096] Endgame KRR-KRB} 33. Bg7 {Rd4 is the strong threat.} Rg4 $2 (33... Rb8+ $11 34. Kc2 Ra4) 34. h6 $18 ({Resist} 34. Bxf6 a4+ 35. Ka3 Rd6) 34... Rb8+ 35. Ka3 Rxg7 36. hxg7 {KR-KR} Rg8 37. Ka4 (37. Rd4 $1 $18) 37... Rxg7 (37... Kc5 $16) 38. Kxa5 {White is clearly better.} Rg8 39. Kb4 $1 Rb8+ 40. Ka3 $1 Kc5 {[#]} 41. Rd4 $1 f5 {[#]} (41... Rb1 $142 42. Rf4 f5 43. Rxf5 Kc4) 42. Rb4 $1 {[%cal Rb4b8]} Rh8 43. Kb3 {Precision: White = 65%, Black = 30%.} 1-0

[Event "Chinggis Invitational IV 2018"]
[Site "Ulaanbaatar"]
[Date "2018.08.14"]
[Round "7"]
[White "Lkhagvasuren, Tsedvee"]
[Black "Bilguun, Sumiya"]
[Result "1-0"]
[WhiteElo "2280"]
[BlackElo "2479"]
[Annotator "TA"]
[PlyCount "211"]
[EventDate "2018.08.08"]
[EventType "tourn"]
[EventCountry "MGL"]
[SourceTitle "playchess.com"]
[Source "ChessBase"]
[SourceQuality "1"]

{[%evp 23,211,-44,-38,-51,-52,-62,0,-78,-45,-45,-50,-62,-65,-62,0,0,0,-34,-26,-70,-58,-107,-111,-101,-42,-42,-36,-40,-38,-91,-83,-73,-51,-60,-53,-74,-44,-50,-19,-15,0,0,0,-75,-67,-318,-318,-427,-422,-431,-328,-351,-287,-203,-118,-125,681,681,681,681,681,681,640,508,508,508,508,508,508,503,500,472,5016,4918,4372,4941,4941,4948,4666,3087,5043,5073,4831,5070,5078,5078,4871,5001,29979,4656,29987,6011,29988,29985,29985,29974,29975,29976,29981,5078,5078,5070,5041,5049,5049,5016,4994,4994,4994,4994,4568,4568,4560,4560,4055,2516,2509,2116,1508,1191,5716,5716,5716,5479,5061,2508,29978,29979,29979,29980,29980,29981,29981,29982,29981,29983,29983,29984,29984,29985,29985,29969,29967,29970,29967,29969,29967,29968,29970,29973,29975,29975,29972,29975,29974,29975,29974,29977,29981,29982,29983,29984,29984,29985,29985,29986,29986,29984,29988,29985,29988,29982,29982,29983,29983,29984,29984,29985,29985,29986,29991,29986,29986,29985,29988,29989,29989,29990,29991,29992]} 1. d4 d5 2. c4 e6 3. Nc3 c6 4. e3 Nf6 5. Nf3 Nbd7 6. a3 Bd6 7. Be2 O-O 8. O-O Qe7 9. Qc2 dxc4 10. Bxc4 e5 11. dxe5 Nxe5 12. Nxe5 Bxe5 13. f4 {D46: Damengambit (Halbslawisch)} (13. b4 a5 14. Rb1 axb4 15. axb4 Qd6 16. h3 Bxc3 17. Qxc3 Bf5 18. Rb2 Ne4 19. Qb3 b5 20. Be2 Rad8 {0-1 (33) Popchev,M (2444)-Muratovic,A (2471) Crikvenica 2009}) 13... Bc7 14. Kh1 Ng4 $146 (14... Re8 $15) ({Vorgänger:} 14... Bb6 15. e4 Ng4 16. g3 Qc5 17. Na4 Nf2+ 18. Kg1 Nh3+ 19. Kh1 Qd4 20. Nxb6 axb6 21. Kg2 Bg4 22. Bd2 Rad8 23. Be1 Rfe8 24. e5 h5 25. Bb3 Qe3 26. Bc3 Rd2+ 27. Bxd2 Qe2+ {0-1 (27) Lexa,V (1937)-Hrubant,I (2119) Ricany 2007}) 15. Nd1 (15. h3 $11) 15... g6 16. h3 Bf5 17. Qc3 Nf6 18. Nf2 $1 Ne4 (18... Nd5 $15 19. Bxd5 cxd5) 19. Nxe4 $11 Qxe4 20. Kh2 Rad8 21. b4 Qc2 $36 {[%mdl 2048] Weiss steht unter Druck.} 22. Bb2 {[%csl Gb2][%cal Rc3h8]} Qxc3 23. Bxc3 Bd3 (23... Rfe8 $17 24. Bf6 Rd2) 24. Bxd3 $15 Rxd3 25. Bd4 Rd8 26. Rf3 (26. Kg1 $15) 26... f5 $17 27. a4 Bb6 28. Bxb6 axb6 $15 {[%mdl 4096] Endspiel KTT-KTT} 29. a5 Rb3 30. e4 $1 Rxf3 31. gxf3 fxe4 32. fxe4 {KT-KT} Rd4 33. b5 (33. axb6 $11 Rxe4 34. Ra8+ Kf7 35. Rb8) 33... cxb5 $17 34. axb6 $2 {[%mdl 8192]} (34. a6 $1 $15 bxa6 35. Rxa6) 34... Rxe4 $19 35. Ra5 b4 36. Kg3 Kf7 37. h4 Re3+ 38. Kf2 Rh3 ({Günstiger ist} 38... Rc3 $19 {Weiss muss nun ...b3 beachten.} 39. f5 b3 40. fxg6+ Kxg6) 39. Ra7 $17 Rc3 $2 {[%mdl 8192]} (39... Rxh4 $17 40. Rxb7+ Ke6) 40. Rxb7+ $18 Ke6 {[#] Droht stark ...Tc6.} 41. Re7+ $1 {[%mdl 512]} Kxe7 {KT-K3B} 42. b7 Rc2+ 43. Ke3 b3 44. b8=Q {KD-KT} b2 45. Qb4+ Kf6 {[#]} 46. h5 $1 Rh2 (46... gxh5 47. Qf8+) 47. h6 Rxh6 (47... Ke6 $142 48. Qb6+ Kf5 49. Qb5+ Ke6) 48. Qxb2+ Kf7 49. Qb7+ Kg8 50. Qc8+ Kg7 51. Qd7+ Kg8 52. Qe6+ Kg7 53. Qe7+ Kg8 {[#]} 54. f5 $1 gxf5 55. Kf4 Rh2 56. Kg5 (56. Qg5+ $142 Kf8 57. Kg3 Re2 58. Qxf5+ Ke7 59. Qxh7+ Ke6 60. Qg6+ Ke7 61. Qg7+ Ke8 62. Qc3) 56... f4 57. Qd8+ (57. Qe8+ $142 Kg7 58. Qe7+ Kg8 59. Qe8+ Kg7 60. Qe5+ Kf7 61. Qxf4+ Ke6 62. Qxh2) 57... Kg7 58. Qf6+ Kg8 59. Qxf4 Rg2+ 60. Kf6 {[%cal Rf4b8]} Rg6+ 61. Kf5 (61. Ke7 $142 Rg7+ 62. Ke8 h6 63. Qc4+ Kh7 64. Kf8 h5 65. Qd3+ Kh6 66. Qe3+ Kh7 67. Qe5) 61... Kg7 62. Qh4 Kh8 63. Qe7 Kg8 64. Qd7 Rh6 65. Qe8+ Kg7 66. Qe7+ Kg8 67. Kg5 Rg6+ 68. Kh5 Ra6 69. Qd8+ Kf7 70. Qc7+ Kf6 71. Kh6 Re6 72. Qf4+ Ke7+ 73. Kxh7 Rf6 74. Qc7+ Ke6 75. Kg7 {Weiß setzt Matt.} Rf5 76. Qc6+ Ke5 77. Kg6 Rf4 78. Qc5+ Ke4 79. Kg5 Rf3 80. Qc4+ Ke3 81. Kg4 Rf2 82. Qc5+ Ke2 83. Kg3 Rf3+ 84. Kg2 Rd3 85. Qf2+ Kd1 86. Kf1 Rd2 87. Qf3+ Kc2 88. Ke1 Rd4 89. Qe3 Rc4 90. Ke2 Kb2 91. Kd1 Rb4 92. Kd2 Ka2 93. Qe6+ Kb2 94. Qd5 Rb3 95. Qd4+ Kb1 96. Kd1 Rb2 97. Qd3+ Ka2 98. Kc1 Rb4 99. Qd5+ Ka3 100. Kc2 Rc4+ 101. Kd3 Rc8 102. Qb7 Rc1 103. Qb5 Rf1 104. Qc5+ Kb3 105. Kd2 Rb1 106. Qc2+ {Precision: Weiß = 46%, Schwarz = 31%.} 1-0

[Event "Chinggis Invitational IV 2018"]
[Site "Ulaanbaatar"]
[Date "2018.08.15"]
[Round "8"]
[White "Ganguly, Surya Shekhar"]
[Black "Abasov, Nijat"]
[Result "1/2-1/2"]
[WhiteElo "2652"]
[BlackElo "2623"]
[Annotator "TA"]
[PlyCount "110"]
[EventDate "2018.08.08"]
[EventType "tourn"]
[EventCountry "MGL"]
[SourceTitle "playchess.com"]
[Source "ChessBase"]
[SourceQuality "1"]

{[%evp 10,110,18,16,16,16,13,8,22,17,12,13,39,38,57,52,74,75,116,108,120,130,158,152,176,77,140,128,212,44,130,68,84,-21,0,0,0,0,0,0,0,0,0,0,0,0,0,0,0,0,18,18,55,16,9,0,94,101,158,83,93,0,28,7,12,0,0,0,32,-102,0,0,0,0,0,0,0,0,0,0,0,0,0,0,0,0,0,0,0,0,0,0,0,0,0,0,0,0,0,0,0,0,0]} 1. e4 e5 2. Nf3 Nf6 3. Nxe5 d6 4. Nd3 (4. Nf3 Nxe4 5. Qe2 Qe7 6. d3 Nf6 7. Nc3 Qxe2+ 8. Bxe2 g6 9. Nd4 a6 10. Bf4 Bg7 11. h3 Bd7 12. Bf3 Nc6 13. Nxc6 Bxc6 14. Bxc6+ bxc6 15. O-O-O Kd7 16. Rhe1 {½-½ (41) Carlsen,M (2834)-Caruana,F (2811) Wijk aan Zee 2018}) 4... Nxe4 5. Qe2 Qe7 6. Nc3 {LiveBook: 3 Games. aiming for Nd5. C42: Petroff Defence: 3 Nxe5 and unusual White 3rd moves} Nf6 7. Nf4 c6 $146 ({Predecessor:} 7... Qxe2+ 8. Bxe2 c6 9. O-O d5 10. Re1 Bc5 11. Nh5 Nxh5 12. Bxh5+ {1-0 (50) Saenko,O (2508)-Begliy,M (2309) ICCF email 2008}) 8. f3 g5 9. Nd3 Be6 10. b3 Bg7 11. Bb2 $36 {[%mdl 2048] Black is under pressure.} Nbd7 12. O-O-O h6 13. Qf2 Ne5 14. Re1 Nfd7 15. Kb1 Rg8 16. g3 Kd8 {[#]} 17. h3 (17. f4 $1 $18 {and White stays clearly on top.}) 17... f5 (17... Nxd3 $142 18. Bxd3 Ne5) 18. f4 $16 Ng6 {[#]} (18... Nxd3 $16 {was worth a try.} 19. Bxd3 gxf4) 19. Nb4 $2 (19. fxg5 $1 $18 {And now h4 would win.} hxg5 20. h4) 19... d5 ({Black should try} 19... gxf4 $14 20. gxf4 Bf6) 20. Bg2 (20. Nd3 $16) 20... gxf4 $14 21. Ba3 (21. gxf4 $16 {[%cal Rb4d5]} Qxb4 22. Rxe6 Qxf4 23. Qe1 Bxc3 24. Bxc3) 21... Qf6 22. gxf4 Bf8 23. Bb2 {[%cal Rc3d5]} Qh4 24. Qe3 Nxf4 25. Nbxd5 cxd5 {[#]} 26. Nxd5 $1 {[%mdl 512]} Bxd5 27. Bxd5 Nxd5 (27... Bc5 $5 28. d4 $8 Nxd5 $15) 28. Qe8+ Kc7 29. Qxa8 N5b6 (29... Qg5 $5 {[%cal Rf8c5]} 30. Qxa7 (30. Re8 Qg1+ 31. Re1 Qb6 $15) 30... Qxd2 $11) 30. Qe8 $1 Qg3 31. Qe2 {[%mdl 1024] White has compensation.} Bd6 32. a4 Nc5 (32... Qg2 $11 {keeps the balance.}) 33. Rhf1 $16 Rf8 (33... Qg6 $142) 34. Rg1 (34. Be5 $142 Qxe5 35. Qxe5 Bxe5 36. Rxe5) 34... Qh4 35. a5 ({White should play} 35. Rg6 $16) 35... Nbd7 36. d4 Ne4 37. a6 Qe7 38. Rg6 Kb8 39. axb7 (39. Qb5 $14 {stays ahead.} Ndf6 40. Ka2) 39... Re8 ({Better is} 39... Bb4 $17 40. Qh2+ f4) 40. Qb5 {Black must now prevent Qc6.The position is equal.} Nd2+ 41. Ka2 Qxe1 {[%csl Gd2][%cal Re1b1]} 42. Rxd6 Qb1+ 43. Ka3 Qxc2 44. Rxd7 Nb1+ 45. Ka4 {Intending Rf7 and mate.} Qxb2 {[%csl Gb1][%cal Rb2a3] [#]} 46. Rd8+ $3 {[%mdl 512]} Rxd8 {[%csl Gb1][%cal Rb2a3]} 47. Qe5+ Kxb7 48. Qb5+ Kc7 {[%csl Gb1][%cal Rb2a3]} 49. Qc5+ Kd7 50. Qd5+ Ke7 51. Qe5+ Kf7 52. Qxf5+ Kg7 53. Qe5+ Kg6 54. Qe6+ Kg5 {( -> ...Nc3+)} 55. Qg4+ Kf6 {Precision: White = 59%, Black = 35%.} 1/2-1/2

[Event "Chinggis Invitational IV 2018"]
[Site "Ulaanbaatar"]
[Date "2018.08.15"]
[Round "8"]
[White "Durarbayli, Vasif"]
[Black "Bocharov, Dmitry"]
[Result "1-0"]
[WhiteElo "2633"]
[BlackElo "2573"]
[Annotator "TA"]
[PlyCount "107"]
[EventDate "2018.08.08"]
[EventType "tourn"]
[EventCountry "MGL"]
[SourceTitle "playchess.com"]
[Source "ChessBase"]
[SourceQuality "1"]

{[%evp 14,107,30,14,18,0,28,22,20,21,23,16,40,9,2,0,0,-18,-17,0,7,23,19,19,31,0,0,0,0,-13,-19,-12,0,-8,-23,-41,-41,-47,-35,-25,0,-34,0,-22,-22,-29,-30,-37,112,123,131,112,123,112,112,112,265,264,268,262,258,253,264,147,133,140,137,137,307,304,307,268,647,633,681,712,716,711,647,636,637,610,609,606,591,583,839,560,874,881,839,769,1956,1903,1704,1498]} 1. e4 c6 2. d4 d5 3. e5 Bf5 4. Nf3 e6 5. Be2 Ne7 6. O-O h6 7. Nbd2 {B12: Caro-Kann: Advance Variation} Nd7 8. Re1 {LiveBook: 32 Games} (8. Nb3 Bg6 9. a4 a5 10. c3 Nf5 11. Ne1 Be7 12. Nd3 O-O 13. f4 b6 14. g4 Nh4 {1-0 (41) Rodshtein,M (2678)-Riazantsev,A (2662) Sochi 2018}) 8... Bg6 9. a4 $146 {[%cal Ba2a4,Ba4a5,Ba5a6][%mdl 32] The position is equal.} ({Predecessor:} 9. Nf1 c5 10. c4 a6 11. Ne3 Be4 12. cxd5 Nxd5 13. Nc4 b5 14. Nd6+ Bxd6 15. exd6 {½-½ (75) Styazhkina,A (2301)-Girya,O (2505) Sochi 2017}) 9... Nf5 10. a5 Be7 11. c4 O-O 12. a6 {With the idea cxd5.} b5 13. cxd5 cxd5 14. Bxb5 Rb8 15. Qe2 Bh5 {Hoping for ...Nxd4!} 16. Qd3 Bg6 {...Nxd4! is the strong threat.} 17. Qf1 Rb6 18. b3 Nb8 $1 19. Bb2 Nc6 20. Rec1 Nb4 21. Ba3 Qb8 22. Be2 Nc6 {And now ...Bxa3 would win.} 23. Bb2 Rc8 24. Bd3 Bb4 {[%mdl 1024] Black has compensation.} 25. Ra4 Bf8 26. Raa1 $1 Bb4 27. Ra4 $1 Bf8 28. h3 Nb4 {White should prevent ...Ne3!} 29. Rxc8 Qxc8 30. Be2 Rc6 (30... Ne7 $15 {keeps the upper hand.}) 31. g4 $16 Rc2 32. gxf5 Bxf5 33. Ba3 Qc3 34. Qe1 $1 Nd3 $2 (34... Bxh3 $16 {is a better defense.} 35. Kh2 Bg4) 35. Bxd3 $1 $18 Bxd3 36. Qe3 $1 Bxa3 37. Rxa3 Qb2 38. Qxd3 ({Only move:} 38. Ra5 $18 Qc1+ 39. Kh2) 38... Rc1+ $16 39. Kg2 Qxa3 40. Qb5 Qe7 $2 {[#]} (40... g6 $16 {was worth a try.} 41. Qb7 Ra1) 41. b4 $1 $18 Rc8 {[#]} 42. Nb3 $1 Qc7 $2 (42... Qe8 43. Qb7 Rb8) 43. Qb7 {White is clearly winning.} Qc2 44. Nc5 Rf8 45. Qxa7 Qg6+ 46. Kf1 Qb1+ 47. Ke2 Qb2+ 48. Ke3 Qxb4 49. Qb7 Qa3+ 50. Nd3 g5 51. a7 Kg7 52. Nfe1 Qa2 53. Nc5 Kg6 54. Qb8 {Precision: White = 73%, Black = 43%.} 1-0

[Event "Chinggis Invitational IV 2018"]
[Site "Ulaanbaatar"]
[Date "2018.08.15"]
[Round "8"]
[White "Izoria, Zviad"]
[Black "Shomoev, Anton"]
[Result "1-0"]
[WhiteElo "2606"]
[BlackElo "2552"]
[Annotator "TA"]
[PlyCount "55"]
[EventDate "2018.08.08"]
[EventType "tourn"]
[EventCountry "MGL"]
[SourceTitle "playchess.com"]
[Source "ChessBase"]
[SourceQuality "1"]

{[%evp 15,55,36,39,42,62,31,85,85,98,102,117,116,112,125,135,135,255,255,259,243,257,227,231,207,398,407,395,415,422,419,419,416,406,392,579,566,1172,1137,2559,2039,29986,29987]} 1. d4 Nf6 2. c4 g6 3. Nc3 Bg7 4. e4 d6 5. Nf3 O-O 6. Be2 c6 7. O-O e5 8. Qc2 Qe7 {LiveBook: 14 Games. E94: King's Indian: Classical: 6 Be2 e5 7 0-0: Various Black 7th moves} (8... exd4 9. Nxd4 Nbd7 10. Be3 Re8 11. Rad1 Qe7 12. f3 a6 13. Bf2 Ne5 14. Qd2 b5 15. Nc2 Be6 16. Qxd6 Qxd6 17. Rxd6 Nh5 18. cxb5 axb5 19. Be3 Bf8 {½-½ (35) Wojtaszek,R (2734)-Baklan,V (2594) Chartres 2017}) 9. d5 Na6 10. a3 c5 (10... cxd5 $14 11. cxd5 Bd7) 11. Bg5 $146 ({Predecessor:} 11. Rb1 b6 12. b4 Nh5 13. Re1 f5 14. exf5 gxf5 15. Bg5 Nf6 16. Bf1 Qf7 {0-1 (35) Sanchez Zambrano,V (1913)-Martinez,A (2109) Buenos Aires 2014}) 11... Bd7 12. Qd2 Qe8 13. Ne1 h5 14. Nd3 Nh7 15. Bh6 f5 (15... h4 $16 {might work better.} 16. Bxg7 Kxg7) 16. Bxg7 $18 Kxg7 17. f4 exf4 18. Bf3 (18. Qxf4 fxe4 19. Qxe4 Bf5 $14) ({Less strong is} 18. Rxf4 g5 $16) 18... g5 19. Rae1 fxe4 $2 {[#]} (19... h4 20. e5 Qg6) 20. Bxe4 ({Not} 20. Nxe4 Qg6 $16) 20... Qf7 21. Bxh7 Kxh7 22. Ne4 Qg7 23. h4 gxh4 {intending ...f3.} 24. Nxf4 Qh6 (24... h3 $142 25. Nxh5 Rxf1+ 26. Rxf1 Qxg2+ 27. Qxg2 hxg2 28. Rf7+ Kh6 29. Rxd7 Kxh5 30. Rxb7 Kg4 31. Nxd6 Kf3 32. Rf7+ Ke3 33. Kxg2 Kd4) 25. Qd3 {aiming for Nf6+.} Kh8 26. Qc3+ Kg8 {[#]} 27. Ne6 $1 {[%mdl 512]} Bxe6 28. Nf6+ {Precision: White = 90%, Black = 39%.} 1-0

[Event "Chinggis Invitational IV 2018"]
[Site "Ulaanbaatar"]
[Date "2018.08.15"]
[Round "8"]
[White "Bilguun, Sumiya"]
[Black "Robson, Ray"]
[Result "0-1"]
[WhiteElo "2479"]
[BlackElo "2670"]
[Annotator "TA"]
[PlyCount "52"]
[EventDate "2018.08.08"]
[EventType "tourn"]
[EventCountry "MGL"]
[SourceTitle "playchess.com"]
[Source "ChessBase"]
[SourceQuality "1"]

{[%evp 23,52,-14,-26,-14,-28,0,-14,-31,-24,0,0,-128,-121,-190,-194,-191,-194,-316,-311,-319,-319,-289,-266,-370,-377,-405,-276,-274,-273,-3080,-2789]} 1. e4 e5 2. Nf3 Nc6 3. Bc4 Bc5 4. O-O Nf6 5. d3 d6 6. c3 O-O 7. h3 h6 8. Re1 a5 {C54: Giuoco Piano: 4 c3 Nf6, main lines with 5 d4 and 5 d3} 9. Nbd2 a4 (9... Be6 10. Bb5 Qb8 11. Nf1 Qa7 12. Re2 a4 13. Ng3 Qa5 14. Bxc6 bxc6 15. Nh4 Rfe8 16. Re1 {½-½ (28) Mamedyarov,S (2808)-Karjakin,S (2782) Stavanger 2018}) 10. Bb5 Bd7 11. Bxa4 Rxa4 12. Qxa4 Nb4 $1 {LiveBook: 3 Games} 13. Qd1 $1 Nxd3 14. Rf1 Ba7 $146 15. Qc2 $1 {[%cal Rc2d3]} Nxc1 16. Raxc1 Nh5 17. Nc4 (17. c4 $11) 17... f5 $1 $17 18. Ne3 (18. exf5 $17 {might work better.} Bxf5 19. Qa4) 18... fxe4 $1 $19 19. Qxe4 Bc6 $1 {[%cal Rc6e4]} 20. Qh4 {[#]} (20. Qg4 $142 Nf4 21. Ra1) 20... Qe8 $1 21. Ne1 {[#]} Rf4 $1 {[%cal Rf4h4]} 22. g4 Nf6 {[%cal Bh5f6,Bf6e4,Be4g5][%mdl 32]} 23. N1g2 Ne4 24. Qh5 Qf8 25. Nxf4 Qxf4 26. Rc2 $2 (26. Qf5 Bxe3 27. Qxf4 Bxf4 28. c4) 26... Ng5 {Precision: White = 57%, Black = 98%.} 0-1